Construction Planning Equipment, And Methods (Record no. 31330)

MARC details
000 -LEADER
fixed length control field 00363nam a22001457a 4500
003 - CONTROL NUMBER IDENTIFIER
control field OSt
005 - DATE AND TIME OF LATEST TRANSACTION
control field 20220223104552.0
008 - FIXED-LENGTH DATA ELEMENTS--GENERAL INFORMATION
fixed length control field 220223b |||||||| |||| 00| 0 eng d
020 ## - INTERNATIONAL STANDARD BOOK NUMBER
International Standard Book Number 9780071289511
040 ## - CATALOGING SOURCE
Transcribing agency H U
082 ## - DEWEY DECIMAL CLASSIFICATION NUMBER
Edition number 8th
Classification number 690
100 ## - MAIN ENTRY--PERSONAL NAME
Personal name Peurifoy Robert L.
9 (RLIN) 31264
245 ## - TITLE STATEMENT
Title Construction Planning Equipment, And Methods
942 ## - ADDED ENTRY ELEMENTS (KOHA)
Source of classification or shelving scheme Dewey Decimal Classification
Koha item type Books like text book referance book
Suppress in OPAC No
Holdings
Withdrawn status Lost status Source of classification or shelving scheme Damaged status Not for loan Home library Current library Shelving location Date acquired Total Checkouts Full call number Barcode Date last seen Copy number Price effective from Koha item type
    Dewey Decimal Classification     IoT Library IoT Library General Stacks 02/23/2022   690/PEU/2011 IOTL0015018 02/23/2022 1 02/23/2022 Books like text book referance book
    Dewey Decimal Classification     IoT Library IoT Library General Stacks 02/23/2022   690/PEU/2011 IOTL0015019 02/23/2022 2 02/23/2022 Books like text book referance book
    Dewey Decimal Classification     IoT Library IoT Library General Stacks 02/23/2022   690/PEU/2011 IOTL0015020 02/23/2022 3 02/23/2022 Books like text book referance book
    Dewey Decimal Classification     IoT Library IoT Library General Stacks 02/23/2022   690/PEU/2011 IOTL0015021 02/23/2022 4 02/23/2022 Books like text book referance book
    Dewey Decimal Classification     IoT Library IoT Library General Stacks 02/23/2022   690/PEU/2011 IOTL0015022 02/23/2022 5 02/23/2022 Books like text book referance book
    Dewey Decimal Classification     IoT Library IoT Library General Stacks 02/23/2022   690/PEU/2011 IOTL0015023 02/23/2022 6 02/23/2022 Books like text book referance book
    Dewey Decimal Classification     IoT Library IoT Library General Stacks 02/23/2022   690/PEU/2011 IOTL0015024 02/23/2022 7 02/23/2022 Books like text book referance book
    Dewey Decimal Classification     IoT Library IoT Library General Stacks 03/22/2022   690/PEU/2011 IOTL0018353 03/22/2022 8 03/22/2022 Books like text book referance book